Cuentos inolvidables / (Registro nro. 6549)

Detalles MARC
000 -LEADER
fixed length control field 00999nam a22002657a 4500
003 - CONTROL NUMBER IDENTIFIER
control field OSt
005 - DATE AND TIME OF LATEST TRANSACTION
control field 20200219104433.0
008 - FIXED-LENGTH DATA ELEMENTS--GENERAL INFORMATION
fixed length control field 200218s2012 mx |||br|||| 00| j spa d
020 ## - INTERNATIONAL STANDARD BOOK NUMBER
International Standard Book Number 9786074042740
040 ## - CATALOGING SOURCE
Original cataloging agency CO-JMCR
Transcribing agency CO-JMCR
041 1# - LANGUAGE CODE
Language code of text/sound track or separate title spa
Language code of original eng
082 04 - DEWEY DECIMAL CLASSIFICATION NUMBER
Classification number C /
Item number CUEc
245 ## - TITLE STATEMENT
Title Cuentos inolvidables /
Statement of responsibility, etc. traducción, Samantha Caballero de Moral
260 ## - PUBLICATION, DISTRIBUTION, ETC.
Place of publication, distribution, etc. México :
Name of publisher, distributor, etc. Silver Dolphin,
Date of publication, distribution, etc. 2012
300 ## - PHYSICAL DESCRIPTION
Extent 145 páginas :
Other physical details principalmente ilustraciones a color ;
Dimensions 22 cm.
490 0# - SERIES STATEMENT
Series statement Un tesoro de cuentos
500 ## - GENERAL NOTE
General note Título original: Classic Storybook
505 ## - FORMATTED CONTENTS NOTE
Formatted contents note Dumbo -- El día de campo de Mickey -- Reina -- Blanca Nieves y los Siete Enanos -- Peter Pan -- Bambi -- La Cenicienta -- Alicia en el país de las maravillas
521 ## - TARGET AUDIENCE NOTE
Target audience note 5 años en adelante.
546 ## - LANGUAGE NOTE
Language note Traducido del inglés
650 14 - SUBJECT ADDED ENTRY--TOPICAL TERM
Topical term or geographic name entry element Cuentos infantiles
9 (RLIN) 711
650 14 - SUBJECT ADDED ENTRY--TOPICAL TERM
Topical term or geographic name entry element Cuentos clásicos infantiles
9 (RLIN) 724
700 1# - ADDED ENTRY--PERSONAL NAME
Personal name Caballero de Moral, Samantha,
Relator term traductora
9 (RLIN) 712
942 ## - ADDED ENTRY ELEMENTS (KOHA)
Source of classification or shelving scheme Dewey Decimal Classification
Koha item type Books
Existencias
Withdrawn status Lost status Source of classification or shelving scheme Damaged status Not for loan Collection code Home library Current library Shelving location Date acquired Source of acquisition Cost, normal purchase price Total Checkouts Total Renewals Full call number Barcode Date last seen Date last checked out Copy number Price effective from Koha item type
    Dewey Decimal Classification     Fiction Biblioteca Pública José María del Castillo y Rada Biblioteca Pública José María del Castillo y Rada Processing Center 12/19/2019 Donación 0.00 18 7 C / CUEc 201809539 01/28/2026 01/28/2026 Ej.1 02/18/2020 Books